| Поле | Инд. | ПП | Название | Значение |
|---|---|---|---|---|
| Тип записи | a | |||
| Библиографический уровень | b | |||
| 001 | Контрольный номер | RU/IS/BASE/194289495 | ||
| 005 | Дата корректировки | 20200522191006.3 | ||
| 008 | Кодируемые данные | 20060226 | ||
| 084 | a | Индекс другой классификации/Индекс ББК | 20.1; 28.081.28; 60.522 | |
| 100 | 1_ | a | Автор | Турлак В. А. |
| q | Полное имя | Турлак Владимир Алексеевич | ||
| 245 | a | Заглавие | Радиационное загрязнение окружающей среды как глобальная социально-экологическая проблема | |
| 504 | a | Библиография | Библиогр. ссылки | |
| 650 | a | Основная рубрика | биология | |
| a | Основная рубрика | биоэкология | ||
| a | Основная рубрика | социальная экология | ||
| a | Основная рубрика | социология | ||
| a | Основная рубрика | экология | ||
| 653 | a | Ключевые слова | генетические нарушения | |
| a | Ключевые слова | глобальные проблемы | ||
| a | Ключевые слова | глобальные экологические проблемы | ||
| a | Ключевые слова | дозы облучения | ||
| a | Ключевые слова | загрязнение окружающей среды | ||
| a | Ключевые слова | культура безопасности | ||
| a | Ключевые слова | обеспечение радиционной безопасности | ||
| a | Ключевые слова | окружающая среда | ||
| a | Ключевые слова | последствия облучения | ||
| a | Ключевые слова | радиационная безопасность | ||
| a | Ключевые слова | радиационное загрязнение | ||
| a | Ключевые слова | радиационные источники | ||
| a | Ключевые слова | радиоактивные осадки | ||
| a | Ключевые слова | радиоактивные отходы (РАО) | ||
| a | Ключевые слова | раковые заболевания | ||
| a | Ключевые слова | ядерный топливный цикл (ЯТЦ) | ||
| 773 | t | Заглавие источника | Вестник Московского университета. Серия 18, Социология и политология | |
| d | Дата издания источника | 2005 | ||
| g | Прочая информация | № 4. - С. 96 - 112 | ||
| w | Контрольный № источника | RU/IS/BASE/193325762 | ||
| 901 | t | Тип документа | b |